书目信息 |
| 题名: |
行政法基础理论改革的基本图谱
|
|
| 作者: | 朱新力 , 唐明良 著 | |
| 分册: | ||
| 出版信息: | 北京 法律出版社 2013 |
|
| 页数: | 181页 | |
| 开本: | 23cm | |
| 丛书名: | ||
| 单 册: | ||
| 中图分类: | D922.104 | |
| 科图分类: | ||
| 主题词: | 行政法--研究--中国 , 行政法 | |
| 电子资源: | ||
| ISBN: | 978-7-5118-4917-5 | |
| 000 | 01085nam0 2200253 450 | |
| 001 | 523 | |
| 005 | 20140908081004.53 | |
| 010 | @a978-7-5118-4917-5@dCNY38.00 | |
| 100 | @a20130916d2013 em y0chiy50 ea | |
| 101 | 0 | @achi |
| 102 | @aCN@b110000 | |
| 105 | @ay z 000yy | |
| 106 | @ar | |
| 200 | 1 | @a行政法基础理论改革的基本图谱@e“合法性”与“最佳性”二维结构的展开路径@f朱新力,唐明良等著 |
| 210 | @a北京@c法律出版社@d2013 | |
| 215 | @a181页@d23cm | |
| 330 | @a本书根据大陆法系行政法学的通说性体系,将行政法基础理论的板块分为对象论、原则论、主体论、行为论、程序论、救济论、体系论等,并认为新行政法理念的渗入,将使上述各板块发生化学反应,提出并论证了以“合法性”和“最佳性”二维结构为内核的新行政法理念及其认识路径,在国内首次以新行政法的观点、立场和方法对行政法总论各基础板块进行了系统梳理,并分别提出了具备一定创新性的学术方向与观点,从而勾画出“新行政法”基本图谱。 | |
| 606 | 0 | @a行政法@x研究@y中国 |
| 606 | 0 | @a行政法 |
| 690 | @aD922.104@v5 | |
| 701 | 0 | @a朱新力@4著 |
| 701 | 0 | @a唐明良@4著 |
| 801 | 0 | @aCN@bTANGWEI@c20140603 |
| 905 | @b0842696-98@dD922.104@e1073@f3 | |
| 行政法基础理论改革的基本图谱:“合法性”与“最佳性”二维结构的展开路径/朱新力,唐明良等著.-北京:法律出版社,2013 |
| 181页;23cm |
| ISBN 978-7-5118-4917-5:CNY38.00 |
| 本书根据大陆法系行政法学的通说性体系,将行政法基础理论的板块分为对象论、原则论、主体论、行为论、程序论、救济论、体系论等,并认为新行政法理念的渗入,将使上述各板块发生化学反应,提出并论证了以“合法性”和“最佳性”二维结构为内核的新行政法理念及其认识路径,在国内首次以新行政法的观点、立场和方法对行政法总论各基础板块进行了系统梳理,并分别提出了具备一定创新性的学术方向与观点,从而勾画出“新行政法”基本图谱。 |
| ● |
| 相关链接 |
|
|
|
|
正题名:行政法基础理论改革的基本图谱
索取号:D922.104/1073
 
预约/预借
| 序号 | 登录号 | 条形码 | 馆藏地/架位号 | 状态 | 备注 |
| 1 | 0842696 | 208426960 | 第一样本阅览室/ [索取号:D922.104/1073] | 在馆 | |
| 2 | 0842697 | 208426979 | 密集书库-史法系/ [索取号:D922.104/1073] | 在馆 | |
| 3 | 0842698 | 208426988 | 第一借阅区/ [索取号:D922.104/1073] | 在馆 |